[Event "GRE-chT 50th"]
[Site "Nikaia"]
[Date "2023.08.29"]
[Round "6.2"]
[White "Papasimakopoulos, Alexandros"]
[Black "Vlahos, Kiriakos"]
[Result "1-0"]
[WhiteElo "2409"]
[BlackElo "2248"]
[PlyCount "73"]
[EventDate "2023.08.25"]
[EventType "team"]
[EventRounds "9"]
[EventCountry "GRE"]
[SourceTitle "EXT 2024"]
[Source "ChessBase"]
[SourceDate "2023.10.10"]
[SourceVersion "1"]
[SourceVersionDate "2023.10.10"]
[SourceQuality "1"]
[WhiteTeam "Kallithea"]
[BlackTeam "OPHI"]
[WhiteTeamCountry "GRE"]
[BlackTeamCountry "GRE"]

1. d4 d5 2. c4 dxc4 3. e4 Nc6 4. Nf3 Bg4 5. d5 Ne5 6. Bf4 Ng6 7. Be3 Nf6 8. Nc3 e5 9. Bxc4 Bd6 10. Bb5+ Nd7 11. h3 Bxf3 12. Qxf3 a6 13. Ba4 Qe7 14. h4 h5 15. g3 0-0-0 16. 0-0-0 Kb8 17. Kb1 Bc5 18. Bg5 f6 19. Bd2 Nb6 20. Bb3 Qd7 21. Rc1 Ne7 22. Ne2 Qd6 23. a3 c6 24. Rxc5 Qxc5 25. Bb4 Qxb4 26. axb4 cxd5 27. exd5 Nbxd5 28. b5 axb5 29. Rd1 Nc7 30. Rxd8+ Rxd8 31. Qxh5 Nc6 32. Qg4 Na6 33. Qxg7 Rd2 34. Nc1 Rxf2 35. h5 Ka7 36. h6 Nc5 37. h7 1-0

[Event "GRE-chT 50th"]
[Site "Nikaia"]
[Date "2023.08.26"]
[Round "3.2"]
[White "Mastrovasilis, Athanasios"]
[Black "Vlahos, Kiriakos"]
[Result "1/2-1/2"]
[WhiteElo "2484"]
[BlackElo "2248"]
[PlyCount "113"]
[EventDate "2023.08.25"]
[EventType "team"]
[EventRounds "9"]
[EventCountry "GRE"]
[SourceTitle "EXT 2024"]
[Source "ChessBase"]
[SourceDate "2023.10.10"]
[SourceVersion "1"]
[SourceVersionDate "2023.10.10"]
[SourceQuality "1"]
[WhiteTeam "Amo Galaxias"]
[BlackTeam "OPHI"]
[WhiteTeamCountry "GRE"]
[BlackTeamCountry "GRE"]

1. d4 d5 2. Nf3 Nf6 3. c4 dxc4 4. e3 a6 5. Bxc4 e6 6. 0-0 c5 7. Re1 Nc6 8. Nc3 Be7 9. Bd3 0-0 10. dxc5 Bxc5 11. a3 Be7 12. b4 b5 13. Bb2 Bb7 14. Rc1 Qb6 15. Ne4 Rac8 16. Nxf6+ Bxf6 17. Bxf6 gxf6 18. Rc5 Ne7 19. Rh5 Ng6 20. Nd4 Rc3 21. Rh3 Rfc8 22. Bf1 Bd5 23. Rg3 Qc7 24. e4 Rxg3 25. hxg3 Bc4 26. Nb3 Bxf1 27. Rxf1 Rd8 28. Qf3 Kg7 29. Nc5 Qa7 30. Rd1 Rxd1+ 31. Qxd1 a5 32. Qd4 Qc7 33. f4 e5 34. Qc3 Qd6 35. Qd3 Qxd3 36. Nxd3 axb4 37. axb4 exf4 38. gxf4 Ne7 39. Kf2 Kg6 40. g4 h5 41. f5+ Kg5 42. gxh5 Kxh5 43. Nf4+ Kg4 44. Ke3 Nc6 45. Nd5 Kg3 46. Ke2 Kg2 47. Nxf6 Nxb4 48. Ne8 Kg3 49. Ke3 Nc2+ 50. Kd2 Nd4 51. Kd3 Nf3 52. Nd6 Ng5 53. Nxb5 Kf4 54. Nc3 Nxe4 55. Nxe4 Kxf5 56. Nd6+ Ke6 57. Nxf7 1/2-1/2

[Event "GRE-chT 49th"]
[Site "Thessaloniki"]
[Date "2022.08.12"]
[Round "1.2"]
[White "Vlahos, Kiriakos"]
[Black "Halkias, Stelios"]
[Result "0-1"]
[WhiteElo "2285"]
[BlackElo "2512"]
[PlyCount "62"]
[EventDate "2022.08.12"]
[EventType "team-swiss"]
[EventRounds "7"]
[EventCountry "GRE"]
[SourceTitle "CBM 209 Extra"]
[Source "ChessBase"]
[SourceDate "2022.09.30"]
[SourceVersion "1"]
[SourceVersionDate "2022.09.30"]
[SourceQuality "1"]
[WhiteTeam "OFI"]
[BlackTeam "Eaao Fysiolatris Nikias"]
[WhiteTeamCountry "GRE"]
[BlackTeamCountry "GRE"]

1. c4 g6 2. g3 Bg7 3. Bg2 e5 4. Nc3 Ne7 5. e3 d6 6. Nge2 Nbc6 7. 0-0 Be6 8. b3 Qd7 9. Re1 h5 10. Bb2 h4 11. d4 Bh3 12. Bf3 hxg3 13. hxg3 Bg4 14. Bg2 exd4 15. Nb5 Ne5 16. Bxd4 Nf3+ 17. Kf1 Bxd4 18. Nbxd4 Nxe1 19. Qxe1 Bh3 20. Nf4 Bxg2+ 21. Kxg2 0-0-0 22. Qa5 Kb8 23. e4 Rh7 24. Rh1 Rxh1 25. Kxh1 c5 26. Nb5 Nc6 27. Qd2 a6 28. Nc3 g5 29. Nfe2 Qh3+ 30. Kg1 Ne5 31. Qe3 Rh8 0-1

[Event "GRE-chT 48th"]
[Site "Athens"]
[Date "2021.09.10"]
[Round "5.2"]
[White "Goumas, Georgios"]
[Black "Vlahos, Kiriakos"]
[Result "1/2-1/2"]
[WhiteElo "2413"]
[BlackElo "2277"]
[PlyCount "62"]
[EventDate "2021.09.07"]
[EventType "team-swiss"]
[EventRounds "7"]
[EventCountry "GRE"]
[SourceTitle "CBM 204 Extra"]
[Source "ChessBase"]
[SourceDate "2021.11.30"]
[SourceVersion "1"]
[SourceVersionDate "2021.11.30"]
[SourceQuality "1"]
[WhiteTeam "Nikaia Fysiolatris"]
[BlackTeam "OFI"]
[WhiteTeamCountry "GRE"]
[BlackTeamCountry "GRE"]

1. e4 e5 2. Nc3 Nf6 3. d4 exd4 4. Qxd4 Nc6 5. Qd3 Bb4 6. Bd2 0-0 7. 0-0-0 Re8 8. Bg5 Bxc3 9. bxc3 Qe7 10. f3 Qa3+ 11. Kb1 d6 12. Bc1 Qa5 13. Qb5 Qxc3 14. Bb2 Qb4 15. Qxb4 Nxb4 16. Ne2 Be6 17. a3 Nc6 18. Nf4 Ne5 19. Nxe6 Rxe6 20. Be2 a6 21. g4 b5 22. Bc1 Nfd7 23. f4 Nc4 24. Bxc4 bxc4 25. e5 Rb8+ 26. Ka1 Nb6 27. exd6 cxd6 28. f5 Re2 29. Rxd6 Rxc2 30. Rhd1 h6 31. R6d2 Rxd2 1/2-1/2

[Event "GRE-chT 48th"]
[Site "Athens"]
[Date "2021.09.07"]
[Round "1.2"]
[White "Vlahos, Kiriakos"]
[Black "Sandalakis, Nikolaos"]
[Result "1/2-1/2"]
[WhiteElo "2277"]
[BlackElo "2221"]
[PlyCount "61"]
[EventDate "2021.09.07"]
[EventType "team-swiss"]
[EventRounds "7"]
[EventCountry "GRE"]
[SourceTitle "CBM 204 Extra"]
[Source "ChessBase"]
[SourceDate "2021.11.30"]
[SourceVersion "1"]
[SourceVersionDate "2021.11.30"]
[SourceQuality "1"]
[WhiteTeam "OFI"]
[BlackTeam "Ames Neas Erythreas"]
[WhiteTeamCountry "GRE"]
[BlackTeamCountry "GRE"]

1. c4 e5 2. Nc3 Nc6 3. Nf3 Nf6 4. e3 Bb4 5. Qc2 Bxc3 6. Qxc3 Qe7 7. a3 d5 8. cxd5 Nxd5 9. Qb3 Nb6 10. d3 Bg4 11. Bd2 0-0-0 12. h3 Bxf3 13. gxf3 f5 14. h4 Kb8 15. 0-0-0 Rhf8 16. Kb1 Rf6 17. Be2 a5 18. h5 a4 19. Qc2 Rd5 20. Rc1 Na5 21. Bb4 Qf7 22. e4 Rc6 23. Qd1 Rxc1+ 24. Qxc1 Nb3 25. Qc3 Rd4 26. Bd1 fxe4 27. fxe4 Qxf2 28. Bxb3 axb3 29. Rc1 Qf7 30. Ba5 Na8 31. Qc5 1/2-1/2

[Event "GRE-chT Online Rapid op 1st"]
[Site "Tornelo INT"]
[Date "2021.02.21"]
[Round "5.8"]
[White "Gioras, Ioannis"]
[Black "Vlahos, Kiriakos"]
[Result "1-0"]
[WhiteElo "1715"]
[BlackElo "2271"]
[PlyCount "121"]
[EventDate "2021.02.20"]
[EventType "team-swiss (rapid)"]
[EventRounds "9"]
[EventCountry "GRE"]
[SourceTitle "EXT 2023"]
[Source "ChessBase"]
[SourceDate "2022.10.05"]
[SourceVersion "1"]
[SourceVersionDate "2022.10.05"]
[SourceQuality "1"]

1. e4 e5 2. Nf3 Nc6 3. d4 exd4 4. Bc4 Bc5 5. c3 Nf6 6. cxd4 Bb4+ 7. Bd2 Bxd2+ 8. Nbxd2 d5 9. exd5 Nxd5 10. 0-0 0-0 11. Nb3 Bg4 12. Be2 Nf4 13. Re1 Re8 14. h3 Bh5 15. Rc1 Rxe2 16. Rxe2 Bxf3 17. gxf3 Qg5+ 18. Kf1 Qg2+ 19. Ke1 Nxe2 20. Qxe2 Kf8 21. Rc3 Rd8 22. Re3 Qxh3 23. Qc4 Qd7 24. Re4 Qd5 25. Qxd5 Rxd5 26. Rh4 h5 27. Ke2 g6 28. Ke3 Ne7 29. Rh1 c6 30. a4 b6 31. f4 Ke8 32. Ke4 Kd7 33. Nd2 Nf5 34. Nf3 Nd6+ 35. Kd3 c5 36. b3 cxd4 37. Ne5+ Kc7 38. b4 a5 39. Rc1+ Kb7 40. b5 Rc5 41. Re1 Rc3+ 42. Kxd4 Ra3 43. Nc6 Nf5+ 44. Ke5 Rxa4 45. Nd8+ Kc7 46. Nxf7 Rb4 47. Rc1+ Kd7 48. Kf6 Rxb5 49. Ne5+ Kd6 50. Rd1+ Kc5 51. Kxg6 Nd4 52. f5 Kd5 53. Nf3 Ke4 54. Rxd4+ Kxf3 55. f6 Rc5 56. f7 Rc8 57. Rd5 h4 58. Rf5+ Kg2 59. Kg7 h3 60. Re5 Rc7 61. f4 1-0

[Event "GRE-chT Online Rapid op 1st"]
[Site "Tornelo INT"]
[Date "2021.02.20"]
[Round "1.7"]
[White "Andreolas, Gavriil"]
[Black "Vlahos, Kiriakos"]
[Result "0-1"]
[WhiteElo "1432"]
[BlackElo "2271"]
[PlyCount "61"]
[EventDate "2021.02.20"]
[EventType "team-swiss (rapid)"]
[EventRounds "9"]
[EventCountry "GRE"]
[SourceTitle "EXT 2023"]
[Source "ChessBase"]
[SourceDate "2022.10.05"]
[SourceVersion "1"]
[SourceVersionDate "2022.10.05"]
[SourceQuality "1"]

1. d4 d5 2. Bf4 Nf6 3. e3 e6 4. Nf3 Be7 5. c3 0-0 6. Bd3 b6 7. Nbd2 Ba6 8. Qe2 Qc8 9. h4 c5 10. Ng5 Bxd3 11. Qxd3 Qa6 12. Qc2 Nbd7 13. Ndf3 cxd4 14. exd4 b5 15. Ne5 Rad8 16. Qd3 Qb6 17. Rh3 b4 18. Bd2 bxc3 19. Bxc3 Bb4 20. Rb1 h6 21. Ngf3 Ne4 22. Nxd7 Rxd7 23. Ne5 Rc7 24. Bxb4 Qxb4+ 25. Ke2 Rfc8 26. Rf3 Rc2+ 27. Ke3 Rd2 28. Qa3 Qxd4+ 29. Kf4 Ng5+ 30. Kg3 Qxe5+ 31. Kg4 0-1

[Event "GRE-chT 47th"]
[Site "Patras"]
[Date "2019.07.03"]
[Round "3.4"]
[White "Sandalakis, Angelos"]
[Black "Vlahos, Kiriakos"]
[Result "1-0"]
[WhiteElo "2429"]
[BlackElo "2277"]
[PlyCount "91"]
[EventDate "2019.07.02"]
[EventType "team-swiss"]
[EventRounds "7"]
[EventCountry "GRE"]
[SourceTitle "CBM 191 Extra"]
[Source "ChessBase"]
[SourceDate "2019.09.30"]
[SourceVersion "1"]
[SourceVersionDate "2019.09.30"]
[SourceQuality "1"]
[WhiteTeam "Kavalas"]
[BlackTeam "OFI"]
[WhiteTeamCountry "GRE"]
[BlackTeamCountry "GRE"]

1. c4 e6 2. Nf3 d5 3. g3 Nf6 4. Bg2 Be7 5. 0-0 0-0 6. d4 dxc4 7. Qc2 a6 8. a4 Bd7 9. Qxc4 Bc6 10. Bg5 Nbd7 11. Nc3 h6 12. Bxf6 Nxf6 13. Rfd1 a5 14. Ne5 Bxg2 15. Kxg2 c6 16. Qb3 Bb4 17. Na2 Qd5+ 18. Qxd5 cxd5 19. Nxb4 axb4 20. Rd3 b5 21. a5 Ra6 22. Rb3 Rfa8 23. Rxb4 Rxa5 24. Rc1 Ne4 25. Nc6 Ra1 26. Rc2 Nd6 27. Ne5 R1a4 28. Rxa4 bxa4 29. Rc6 Nf5 30. e3 Rb8 31. g4 Ne7 32. Rc7 Ng6 33. Nxf7 Rxb2 34. Nd8 Rb6 35. Ra7 Nh4+ 36. Kg3 g5 37. Rxa4 Rb1 38. Nxe6 Rg1+ 39. Kh3 Nf3 40. Ra8+ Kf7 41. Rf8+ Kxe6 42. Rxf3 Ke7 43. Rg3 Ra1 44. Kg2 Ra2 45. Rf3 Ke6 46. Rf8 1-0

[Event "GRE-chT 46th"]
[Site "Rio Achaia"]
[Date "2018.07.12"]
[Round "4.8"]
[White "Vlahos, Kiriakos"]
[Black "Lagopatis, Nikolaos"]
[Result "1/2-1/2"]
[WhiteElo "2293"]
[BlackElo "2100"]
[PlyCount "76"]
[EventDate "2018.07.10"]
[EventType "team"]
[EventRounds "7"]
[EventCountry "GRE"]
[SourceTitle "CBM 185 Extra"]
[Source "ChessBase"]
[SourceDate "2018.07.29"]
[SourceVersion "1"]
[SourceVersionDate "2018.07.29"]
[SourceQuality "1"]
[WhiteTeam "OFI"]
[BlackTeam "Nepolis"]
[WhiteTeamCountry "GRE"]
[BlackTeamCountry "GRE"]

1. c4 e5 2. Nc3 Nf6 3. Nf3 d6 4. d4 Nbd7 5. g3 Be7 6. Bg2 0-0 7. 0-0 c6 8. e4 b5 9. cxb5 cxb5 10. Nxb5 Ba6 11. a4 Qb6 12. Be3 Ng4 13. Bg5 Bxg5 14. Nxg5 Ngf6 15. Re1 Bxb5 16. axb5 Qxb5 17. Ra2 a5 18. Nf3 Rfb8 19. Qe2 Qb4 20. dxe5 dxe5 21. Bh3 a4 22. Bxd7 Nxd7 23. Rea1 f6 24. Nd2 Rc8 25. Qd3 Nb6 26. Nf1 Rd8 27. Qe2 Rd4 28. f3 Rad8 29. Kh1 Rd3 30. Ra3 Qd4 31. Rxd3 Qxd3 32. Qxd3 Rxd3 33. Kg2 Rd4 34. Ra2 Rb4 35. Ne3 Kf7 36. Kf2 Nc4 37. Nxc4 Rxc4 38. Ke3 Rb4 1/2-1/2

[Event "GRE CupT final 36th"]
[Site "Rio Achaia"]
[Date "2018.07.08"]
[Round "1.4"]
[White "Vlahos, Kiriakos"]
[Black "Tsolakidou, Stavroula"]
[Result "1/2-1/2"]
[WhiteElo "2293"]
[BlackElo "2423"]
[PlyCount "116"]
[EventDate "2018.07.08"]
[EventType "team-k.o."]
[EventRounds "3"]
[EventCountry "GRE"]
[SourceTitle "CBM 185 Extra"]
[Source "ChessBase"]
[SourceDate "2018.07.29"]
[SourceVersion "1"]
[SourceVersionDate "2018.07.29"]
[SourceQuality "1"]
[WhiteTeam "OFH"]
[BlackTeam "Kavalas"]
[WhiteTeamCountry "GRE"]
[BlackTeamCountry "GRE"]

1. c4 e5 2. Nc3 Bb4 3. Nd5 a5 4. e3 Nf6 5. a3 Be7 6. b3 d6 7. Nxf6+ Bxf6 8. Bb2 0-0 9. g3 d5 10. d3 Be6 11. Qc2 Na6 12. Bg2 dxc4 13. dxc4 Nc5 14. Rd1 Qc8 15. Ne2 Bf5 16. e4 Bh3 17. 0-0 Bxg2 18. Kxg2 Qe6 19. Bc1 Qb6 20. Be3 Qxb3 21. Qxb3 Nxb3 22. Rd7 Rfc8 23. a4 Kf8 24. Rb1 Nd4 25. Bxd4 exd4 26. Rxb7 Rd8 27. Rxd8+ Rxd8 28. Nf4 d3 29. Rb1 d2 30. Rd1 c6 31. Kf3 Rd4 32. Ke3 Rxc4 33. Rxd2 Rxa4 34. Rc2 c5 35. Nd3 Bd4+ 36. Ke2 c4 37. Nf4 Ke7 38. Nd5+ Kd6 39. Ne3 Kc5 40. Nf5 Bf6 41. f4 g6 42. Nh6 Rb4 43. e5 Be7 44. Nxf7 a4 45. Ra2 Kb5 46. Kd2 a3 47. Nd6+ Bxd6 48. exd6 Rb3 49. d7 Rd3+ 50. Kc1 Kb4 51. Rd2 c3 52. Rxd3 a2 53. Kc2 a1Q 54. Rd4+ Kc5 55. Rd5+ Kc4 56. Rd4+ Kc5 57. Rd5+ Kc4 58. Rd4+ Kc5 1/2-1/2

[Event "GRE-chT 45th"]
[Site "Achaia"]
[Date "2017.07.06"]
[Round "5.11"]
[White "Hadzimanolis, Antonios"]
[Black "Vlahos, Kiriakos"]
[Result "1-0"]
[WhiteElo "2231"]
[BlackElo "2299"]
[PlyCount "57"]
[EventDate "2017.07.03"]
[EventType "team-swiss"]
[EventRounds "7"]
[EventCountry "GRE"]
[SourceTitle "CBM 179 Extra"]
[Source "ChessBase"]
[SourceDate "2017.08.23"]
[SourceVersion "1"]
[SourceVersionDate "2017.08.23"]
[SourceQuality "1"]
[WhiteTeam "Triandrias PG"]
[BlackTeam "OFI"]
[WhiteTeamCountry "GRE"]
[BlackTeamCountry "GRE"]

1. e4 e5 2. Nf3 Nc6 3. Bb5 Bc5 4. c3 f5 5. d4 fxe4 6. Bxc6 dxc6 7. Nxe5 Bd6 8. Qh5+ g6 9. Qe2 Bf5 10. Bf4 Qe7 11. 0-0 Nf6 12. Nd2 0-0-0 13. Rae1 c5 14. f3 cxd4 15. cxd4 exf3 16. Qxf3 Bxe5 17. Bxe5 Qf8 18. Rc1 Rd7 19. Nb3 Rf7 20. Nc5 c6 21. Nxb7 Be4 22. Qb3 Bd5 23. Rxc6+ Bxc6 24. Nd6+ Kd7 25. Nxf7 Qa8 26. Rxf6 Re8 27. Qh3+ Ke7 28. Qe6+ Kf8 29. Ng5+ 1-0

[Event "GRE-chT 44th"]
[Site "Achaia"]
[Date "2016.07.05"]
[Round "1.13"]
[White "Vlahos, Kiriakos"]
[Black "Deligiannis, Paraskevas1111"]
[Result "1-0"]
[WhiteElo "2302"]
[BlackElo "2042"]
[PlyCount "117"]
[EventDate "2016.07.05"]
[EventType "team-swiss"]
[EventRounds "7"]
[EventCountry "GRE"]
[SourceTitle "CBM 173 Extra"]
[Source "ChessBase"]
[SourceDate "2016.08.29"]
[SourceVersion "1"]
[SourceVersionDate "2016.08.29"]
[SourceQuality "1"]
[WhiteTeam "OFI"]
[BlackTeam "Patras Sailing"]
[WhiteTeamCountry "GRE"]
[BlackTeamCountry "GRE"]

1. c4 e5 2. Nc3 Nc6 3. Nf3 f5 4. d4 e4 5. Ng5 h6 6. Nh3 g5 7. Ng1 Bg7 8. h4 Bxd4 9. e3 Be5 10. hxg5 Qxg5 11. Nh3 Qg7 12. Nf4 Nf6 13. Be2 d6 14. Bh5+ Nxh5 15. Qxh5+ Qf7 16. Ncd5 Qxh5 17. Rxh5 Kd8 18. Ke2 b6 19. Rb1 Bxf4 20. Nxf4 Rh7 21. b3 Ne7 22. Bb2 c6 23. Bf6 Kc7 24. Bxe7 Rxe7 25. Rxh6 Ba6 26. Kd2 b5 27. Kc3 bxc4 28. bxc4 Rae8 29. Rd1 Rd7 30. Ne6+ Kc8 31. Rf6 Bb7 32. Nf4 Re5 33. Rfxd6 Rxd6 34. Rxd6 Kc7 35. Rd2 c5 36. Rd1 Bc6 37. Rh1 Re8 38. Rh7+ Kb6 39. Rf7 Re5 40. Rf6 Kc7 41. Ng6 Re8 42. Rxf5 Rg8 43. Nf4 Kb6 44. Rf6 Rd8 45. Nd5+ Kb7 46. Rf7+ Ka6 47. Re7 Rf8 48. Re6 Kb7 49. Nf6 Rf7 50. Kd2 Rg7 51. g3 a5 52. Nxe4 Rd7+ 53. Ke2 Kb6 54. g4 a4 55. a3 Rh7 56. g5 Rh4 57. f4 Rh2+ 58. Kf1 Ka5 59. Re5 1-0

[Event "GRE-chT 43rd"]
[Site "Porto Rio"]
[Date "2015.10.09"]
[Round "3.8"]
[White "Vlahos, Kiriakos"]
[Black "Soukos, Konstantinos"]
[Result "1-0"]
[WhiteElo "2288"]
[BlackElo "2110"]
[PlyCount "89"]
[EventDate "2015.10.08"]
[EventType "team-swiss"]
[EventRounds "7"]
[EventCountry "GRE"]
[SourceTitle "CBM 168 Extra"]
[Source "ChessBase"]
[SourceDate "2015.10.29"]
[SourceVersion "1"]
[SourceVersionDate "2015.10.29"]
[SourceQuality "1"]
[WhiteTeam "OFI"]
[BlackTeam "Elefsinas STM"]
[WhiteTeamCountry "GRE"]
[BlackTeamCountry "GRE"]

1. c4 e5 2. Nc3 Nc6 3. Nf3 Bc5 4. e3 d6 5. h3 Nge7 6. a3 a6 7. Be2 Ba7 8. 0-0 0-0 9. b4 Bf5 10. d3 Qd7 11. Re1 f6 12. Bf1 Bg6 13. Bb2 Bh5 14. Be2 Bg6 15. Qb3 Bf7 16. Qc2 Bg6 17. Rac1 f5 18. Nd5 Nd8 19. Nxe7+ Qxe7 20. c5 Nc6 21. Qb3+ Kh8 22. d4 e4 23. Nd2 f4 24. exf4 Rxf4 25. g3 Rf7 26. Bc4 Rff8 27. f4 Rae8 28. Kh2 Qd7 29. Re2 dxc5 30. dxc5 Nd4 31. Bxd4 Qxd4 32. Qc3 Qd7 33. Rce1 b6 34. cxb6 Bxb6 35. Nxe4 Bxe4 36. Rxe4 Rxe4 37. Rxe4 Qc6 38. Qe1 a5 39. h4 axb4 40. axb4 Qg6 41. Qe2 Qd6 42. Bd3 h6 43. Bb1 Qc6 44. Re6 Bg1+ 45. Kxg1 1-0

[Event "GRE-chT 43rd"]
[Site "Porto Rio"]
[Date "2015.10.08"]
[Round "1.13"]
[White "Vlahos, Kiriakos"]
[Black "Mourelatos, Ilias"]
[Result "1-0"]
[WhiteElo "2288"]
[BlackElo "2128"]
[PlyCount "115"]
[EventDate "2015.10.08"]
[EventType "team-swiss"]
[EventRounds "7"]
[EventCountry "GRE"]
[SourceTitle "CBM 168 Extra"]
[Source "ChessBase"]
[SourceDate "2015.10.29"]
[SourceVersion "1"]
[SourceVersionDate "2015.10.29"]
[SourceQuality "1"]
[WhiteTeam "OFI"]
[BlackTeam "Kalamarias Han"]
[WhiteTeamCountry "GRE"]
[BlackTeamCountry "GRE"]

1. c4 Nf6 2. Nc3 e6 3. e4 e5 4. f4 exf4 5. e5 Ng8 6. Nf3 d6 7. d4 dxe5 8. Qe2 Be7 9. Nd5 Nc6 10. dxe5 Bg4 11. Bxf4 Bh4+ 12. Bg3 Bxg3+ 13. hxg3 Nce7 14. 0-0-0 Nxd5 15. cxd5 Qd7 16. Qe3 Ne7 17. Bc4 0-0 18. Kb1 Rad8 19. d6 cxd6 20. Rxd6 Qc8 21. Bd3 Bf5 22. Rc1 Bxd3+ 23. Qxd3 Qf5 24. Rxd8 Rxd8 25. Qxf5 Nxf5 26. Rc7 Rd1+ 27. Kc2 Ne3+ 28. Kb3 Rd3+ 29. Ka4 h6 30. Rxb7 Nxg2 31. Rb3 Rxb3 32. axb3 Ne3 33. Kb5 Nd1 34. Ka6 Nxb2 35. Kxa7 Nd3 36. Kb6 g5 37. g4 h5 38. gxh5 g4 39. Nh4 Nxe5 40. Kc5 Kh7 41. Kd5 Nd3 42. Nf5 Nf4+ 43. Ke5 Nd3+ 44. Kd4 Nf4 45. b4 Ne6+ 46. Ke5 Nc7 47. Ke4 f6 48. Kd3 g3 49. Nxg3 Kh6 50. Kc4 f5 51. Nxf5+ Kxh5 52. Ne7 Kg5 53. Nd5 Na6 54. b5 Nb8 55. Kc5 Kf5 56. Kd6 Ke4 57. Nc3+ Kd4 58. Kc7 1-0

[Event "GRE-chT 40th"]
[Site "Achaia"]
[Date "2012.07.01"]
[Round "3.14"]
[White "Vlahos, Kiriakos"]
[Black "Hadzimanolis, Antonios"]
[Result "1-0"]
[WhiteElo "2243"]
[BlackElo "2290"]
[PlyCount "45"]
[EventDate "2012.06.30"]
[EventType "team-swiss"]
[EventRounds "7"]
[EventCountry "GRE"]
[SourceTitle "CBM 149 Extra"]
[Source "ChessBase"]
[SourceDate "2012.08.24"]
[SourceVersion "1"]
[SourceVersionDate "2012.08.24"]
[SourceQuality "1"]
[WhiteTeam "OFI"]
[BlackTeam "Panathlitikos Sykeon"]
[WhiteTeamCountry "GRE"]
[BlackTeamCountry "GRE"]

1. c4 Nf6 2. Nc3 c5 3. Nf3 d5 4. cxd5 Nxd5 5. e4 Nb4 6. Bc4 Nd3+ 7. Ke2 Nf4+ 8. Kf1 Ne6 9. Nd5 g6 10. d4 Bg7 11. dxc5 0-0 12. Be3 Bxb2 13. h4 Nd7 14. h5 Ndxc5 15. Ng5 b5 16. hxg6 hxg6 17. Bxc5 Nxc5 18. Nf6+ Kg7 19. Nh5+ gxh5 20. Qxh5 Qb6 21. Qh7+ Kf6 22. Qh6+ Ke5 23. Nf3+ 1-0

[Event "Epikinonias op 4th"]
[Site "Athens"]
[Date "2000.05.24"]
[Round "5"]
[White "Aligeorgiu, Konstantinos"]
[Black "Vlahos, Kiriakos"]
[Result "1-0"]
[WhiteElo "2064"]
[BlackElo "2245"]
[PlyCount "68"]
[EventDate "2000.05.07"]
[EventType "swiss"]
[EventRounds "9"]
[EventCountry "GRE"]
[SourceTitle "EXT 2004"]
[Source "ChessBase"]
[SourceDate "2003.11.25"]
[SourceVersion "1"]
[SourceVersionDate "2003.11.25"]
[SourceQuality "1"]

1. e4 e5 2. d4 exd4 3. Qxd4 Nc6 4. Qe3 Nf6 5. Nc3 Bb4 6. Bd2 0-0 7. 0-0-0 Re8 8. Qg3 d6 9. f3 Ne5 10. h4 Nh5 11. Qh2 Bc5 12. Be2 Be6 13. g4 Nf6 14. Nh3 Bc4 15. h5 Bxe2 16. Qxe2 Nc6 17. Bg5 Nd4 18. Qg2 Ne6 19. Bh4 Be3+ 20. Kb1 Qb8 21. Bxf6 gxf6 22. Nd5 Bd4 23. c3 c6 24. Rxd4 cxd5 25. Rxd5 b5 26. Qd2 a5 27. g5 b4 28. c4 Qc7 29. gxf6 Kh8 30. Ng5 Rg8 31. Nxe6 fxe6 32. Rxd6 Qxc4 33. Rc1 Qb5 34. f7 Rg3 1-0

[Event "Epikinonias op 4th"]
[Site "Athens"]
[Date "2000.05.22"]
[Round "4"]
[White "Vlahos, Kiriakos"]
[Black "Sideris, Nikiforos"]
[Result "0-1"]
[WhiteElo "2245"]
[BlackElo "2182"]
[PlyCount "54"]
[EventDate "2000.05.07"]
[EventType "swiss"]
[EventRounds "9"]
[EventCountry "GRE"]
[SourceTitle "EXT 2004"]
[Source "ChessBase"]
[SourceDate "2003.11.25"]
[SourceVersion "1"]
[SourceVersionDate "2003.11.25"]
[SourceQuality "1"]

1. e4 c5 2. c3 Nf6 3. e5 Nd5 4. d4 cxd4 5. Nf3 Nc6 6. cxd4 d6 7. Bc4 Nb6 8. Bb5 dxe5 9. Nxe5 Bd7 10. Bxc6 Bxc6 11. Nxc6 bxc6 12. 0-0 g6 13. Re1 e6 14. Nc3 Bg7 15. Be3 0-0 16. Rc1 Nd5 17. Na4 Rc8 18. Qf3 Nb4 19. Red1 Nxa2 20. Rxc6 Qd7 21. Ra6 Nb4 22. Nc5 Qe7 23. Ra4 Nc2 24. b4 Rfd8 25. Nb7 Rd5 26. Rxa7 Nxd4 27. Bxd4 Rxd4 0-1

[Event "Berliner Sommer 12th"]
[Site "Berlin"]
[Date "1994.??.??"]
[Round "?"]
[White "Maiwald, Jens Uwe"]
[Black "Vlahos, Kiriakos"]
[Result "1/2-1/2"]
[WhiteElo "2445"]
[BlackElo "2250"]
[PlyCount "104"]
[EventDate "1994.08.??"]
[EventType "swiss"]
[EventRounds "9"]
[EventCountry "GER"]
[SourceTitle "EXT 1997"]
[Source "ChessBase"]
[SourceDate "1996.11.15"]
[SourceVersion "1"]
[SourceVersionDate "1996.11.15"]
[SourceQuality "1"]

1. d4 d5 2. c4 dxc4 3. Nf3 Nf6 4. e3 a6 5. Bxc4 e6 6. 0-0 c5 7. b3 b5 8. Be2 Nbd7 9. a4 bxa4 10. bxa4 Bb7 11. Nbd2 Be7 12. Nc4 0-0 13. Bd2 Qc7 14. Rb1 Be4 15. Ba5 Qa7 16. Bd3 Rab8 17. Bxe4 Nxe4 18. Qd3 Nef6 19. Nfe5 Nxe5 20. dxe5 Nd5 21. Rbd1 Qa8 22. f4 Nb4 23. Qe2 Bd8 24. Bxb4 Rxb4 25. f5 exf5 26. Rxf5 Qc8 27. Nd6 Qe6 28. Qxa6 Be7 29. Rf3 Qxe5 30. Nf5 Bg5 31. Rdf1 h5 32. a5 g6 33. h4 gxf5 34. hxg5 Qe6 35. Qd3 Re4 36. Rxf5 Rxe3 37. Qd5 Qxd5 38. Rxd5 c4 39. Rc5 Ra3 40. Rf4 c3 41. Rf3 Kg7 42. Rfxc3 Ra1+ 43. Rc1 Ra2 44. Rf5 Ra8 45. Rcc5 Ra7 46. g3 Rd7 47. Rf2 Ra3 48. Rh2 Rdd3 49. Rg2 Rd4 50. Rf5 Rda4 51. Rf4 Rxa5 52. Rff2 Kg6 1/2-1/2

[Event "London NWYM"]
[Site "London"]
[Date "1987.??.??"]
[Round "?"]
[White "Vlahos, Kiriakos"]
[Black "Adams, Michael"]
[Result "0-1"]
[WhiteElo "2275"]
[BlackElo "2360"]
[PlyCount "83"]
[EventDate "1987.??.??"]
[EventType "tourn"]
[EventRounds "9"]
[EventCountry "ENG"]
[EventCategory "3"]
[SourceTitle "TD"]
[Source "ChessBase"]
[SourceDate "1994.03.01"]
[SourceVersion "1"]
[SourceVersionDate "1994.03.01"]
[SourceQuality "1"]

1. c4 e5 2. Nc3 Nf6 3. Nf3 Nc6 4. e3 Bb4 5. Qc2 0-0 6. Nd5 Re8 7. Qf5 d6 8. Nxf6+ gxf6 9. Qh5 d5 10. Bd3 e4 11. cxd5 exd3 12. dxc6 bxc6 13. b3 Bf8 14. Bb2 Re4 15. h3 Rb8 16. Nd4 Qd5 17. Qxd5 cxd5 18. Nf3 Re6 19. 0-0 Ba6 20. Rfc1 Rb7 21. Nd4 Reb6 22. Nf3 Bb5 23. Bd4 Ba3 24. Bxb6 axb6 25. Nd4 Bxc1 26. Rxc1 Bd7 27. Rc3 c5 28. Nf3 Bb5 29. a4 Ba6 30. b4 Bc4 31. bxc5 bxc5 32. Kh2 Rb2 33. Kg3 Rc2 34. Kf4 Kf8 35. g4 h6 36. h4 Ke7 37. Kf5 Ba6 38. g5 fxg5 39. hxg5 h5 40. Rb3 c4 41. Ra3 d4 42. exd4 0-1